Her türlü aklın ötesinde üniversitede ideoloji ile yaşamak (Kayıt no. 9762)

MARC ayrıntıları
000 -BAŞLIK
Sabit Uzunlukta Kontrol Alanı 00990na a2200301 4500
001 - KONTROL NUMARASI
Denetim Alanı 18793
003 - KONTROL NUMARASI IDENTIFIER
Denetim Alanı MIRAKIL
005 - SON İŞLEM TARİHİ VE ZAMANI
Denetim Alanı 20181213155256.0
008 - SABİT-BOY VERİ ELEMANLARI - GENEL BİLGİLER
Sabit Uzunlukta Kontrol Alanı 161127b tu 000 0
020 ## - ULUSLARARASI STANDART KİTAP NUMARASI
Uluslararası Standart Kitap Numarası 9786053990598
035 ## - SİSTEM KONTROL NUMARASI
Sistem Kontrol Numarası 18793
040 ## - KATALOGLAMA KAYNAK
Orijinal Kataloglama Ajansı Milas
Kataloglama Dili tur
Metne Dönüştürmek Ajansı TR-AnCHP
041 ## - DİL KODU
Metin / Ses Parça Veya Ayrı Başlığın Dil Kodu tur
082 ## - DEWEY ONLU SINIFLANDIRMA NUMARASI
Sınıflandırma Numarası 378.007
Ürün Numarası B26h 2008
090 ## - SINIFLAMA NUMARASI
Sınıflama Numarası 378.007 B26h 2008
100 ## - ANA GİRİŞ - KİŞİSEL İSİM
Kişisel Ad Barnett, Ronald
245 ## - BAŞLIK TABLOSU
Başlık Her türlü aklın ötesinde üniversitede ideoloji ile yaşamak
Sorumluluk Tablosu, Vb Ronald Barnett ; çeviren: Sema Eren ; yayına hazırlayan: Gözde Pelivan.
260 ## - YAYIN, DAĞITIM, VB
Yayın, Dağıtım, Vb Yeri İstanbul
Yayıncı, Dağıtıcı, Vs Adı İstanbul Bilgi Üniversitesi Yayınları
Yayın, Dağıtım, Vb Tarihi 2008
300 ## - FİZİKSEL TANIM
Kapsam xv, 313 s.
Boyutlar 23 sm.
440 ## - SERİSİ TABLOSU / KATMA GİRİŞİ - BAŞLIK
Başlık İstanbul Bilgi Üniversitesi yayınları
Hacim / Ardışık Tanımı 221
490 ## - SERİSİ TABLOSU
Seri Beyanı Akademya
Hacim / Ardışık Tanımı 5
500 ## - GENEL NOT
Genel Not Metin Türkçe, İngilizce'den çeviri
504 ## - KAYNAKÇA VB NOT
Kaynakça Vb Notu Kaynakça ve dizin var.
650 ## - KONU KATMA GİRİŞ - TOPİKAL DÖNEM
Topikal Süreli Veya Coğrafi Ad Giriş Elemanı Üniversiteler
Genel Alt Bölümü geliştirme çabaları
700 ## - KATMA GİRİŞ - KİŞİSEL İSİM
Kişisel Ad yay.haz.Pelivan, Gözde
700 ## - KATMA GİRİŞ - KİŞİSEL İSİM
Kişisel Ad çev.Eren, Sema
942 ## - EKLENDİ GİRİŞ ELEMANLARI (KOHA)
Sınıflandırma Veya Raf Düzeni Kaynak
Koha Öğesi Türü Kitaplar
999 ## - SİSTEM KONTROL NUMARALARI (KOHA)
Koha Biblionumber 9762
Koha Biblioitemnumber 9762
Mevcut
Kalıcı Konum Mevcut Konum Edinme Tarihi Edinim Kaynak Toplam Check-Out'Lar Tam Çağrı Numarası Barkod Tarih Son Görülme İtibaren Geçerli Fiyatlar Koha Öğesi Türü
CHP Kütüphanesi CHP Kütüphanesi 11/27/2016 Bağış   378.007 B26h 2008 010075 11/27/2016 11/27/2016 Kitaplar